PAROLES : Tu m'as pas laissé le temps : David Hallyday - Statistiques

Statistiques générales
  • Ce quiz a été pris 233 fois
  • Le résultat moyen est 169 sur 199
Statistiques - réponses
Réponse % Correct
laissé
100%
laisse
100%
le
100%
Le
100%
n'
100%
pas
100%
te
100%
temps
100%
Tu
100%
tu
100%
ce
99%
de
99%
De
99%
je
99%
m'as
99%
dire
98%
Et
98%
me
97%
ne
97%
que
97%
tout
97%
a
96%
les
93%
t'aime
93%
en
92%
est
91%
manques
91%
qui
91%
C'que
90%
c'que
90%
encore
89%
Mais
89%
Tant
89%
tant
89%
gens
88%
On
88%
qu'il
88%
toujours
86%
avant
85%
devrait
82%
donné
82%
L'importance
82%
l'importance
82%
prennent
82%
Toi
82%
un
82%
Ces
81%
appris
80%
laisser
80%
mes
79%
des
77%
ça
76%
quoi
75%
Avec
72%
Comme
72%
sert
72%
tes
71%
sur
69%
Sur
69%
C'est
68%
souvenirs
68%
éclats
66%
peux
66%
dans
65%
j'voulais
65%
verre
65%
J'reste
63%
morceaux
63%
tirer
63%
trait
63%
Reste
62%
lesquelles
61%
plus
61%
seul
61%
miroir
60%
passé
60%
blanches
59%
hier
59%
juste
59%
pages
59%
C'était
58%
faire
58%
terre
58%
yeux
57%
vous
54%
sans
53%
Sans
53%
fier
51%
grandissais
51%
jour
49%
Pourquoi
49%
savoir
49%
sentais
46%
s'arrete
45%
prevenir
39%
L'dire
13%
Aucun quiz correspondant
Distribution des résultats
% des personnes avec chaque résultat
Percentile par nombre de réponses
Votre historique - résultats
Vous n’avez pas pris ce quiz